000 00463pab a2200169 454500
008 180718b2014 xxu||||| |||| 00| 0 eng d
100 _aClement, Floriane
245 _aTranslating watershed guidelines on the ground: Exploring the implementation gap
260 _c2014
300 _ap.53-60.
362 _a29 Mar
650 _aWatersheds
700 _aChandrappagari, Suvarna
773 _aEconomic and Political Weekly
908 _aN
909 _a105673
999 _c105668
_d105668